| 000 | 01332nam a2200253Ia 4500 | ||
|---|---|---|---|
| 999 |
_c34523 _d34523 |
||
| 001 | 273 | ||
| 003 | GE_BSU | ||
| 005 | 20221018120118.0 | ||
| 008 | 181216s1975||||ge |||||||||||||| ||geo|| | ||
| 040 | _cGE_BSU | ||
| 041 | _ageo | ||
| 080 | _a159.9(075.8) | ||
| 100 |
_aახობაძე, რ. _915351 |
||
| 245 |
_aფსიქოლოგიის პრაქტიკუმი _bდამხმარე სახელმძღვანელო სტუდენტებისათვის / _cავტორები: რ. ახობაძე, გ. კეჩხუაშვილი, ჯ. ჯვავილაშვილი; რედაქტორი:რ. ნათაძე. |
||
| 264 |
_aთბილისი : _bთბილისის უნ-ტის გამ-ბა, _c1975. |
||
| 300 |
_a268 გვ.; _bფოტოები, ნახატები, ცხრილები. _c22 სმ. |
||
| 541 | _h8ლ. | ||
| 653 | _aფსიქოლოგია | ||
| 653 | _aფსიქოლოგიის პრაქტიკუმი | ||
| 700 |
_aკეჩხუაშვილი, გ. _eავტორი _915352 |
||
| 700 |
_aყვავილაშვილი, ჯ. _eავტორი _915353 |
||
| 700 |
_aნათაძე, რ. _eრედაქტორი _95286 |
||
| 942 |
_cBK _2udc |
||